Operations management: strategy and analysis (Record no. 41939)

MARC details
000 -LEADER
fixed length control field 00384nam a2200157Ia 4500
020 ## - INTERNATIONAL STANDARD BOOK NUMBER
ISBN 0136375618
050 ## - CALL MARK
Classification number HD 30 .25. M25/
100 ## - STATEMENT OF RESPONSIBILITY--MAIN AUTHOR NAME
Personal name McClain, John O.
245 #0 - TITLE STATEMENT
Title Operations management: strategy and analysis
260 ## - PUBLICATION, DISTRIBUTION, ETC. (IMPRINT)
Name of publisher Prentice- Hall
260 ## - PUBLICATION, DISTRIBUTION, ETC. (IMPRINT)
Year of publication 1980
300 ## - PHYSICAL DESCRIPTION
Number of Pages 706 p
942 ## - ADDED ENTRY ELEMENTS (KOHA)
Koha item type Books

No items available.